Wars in American history - Statistics

General Stats
  • This quiz has been taken 257 times
  • The average score is 9 of 12
Answer Stats
Hint Answer % Correct
Union VS Confederacy Civil War
98%
1914-1918 World War 1
98%
War against the Axis World War 2
98%
War that granted America its independence Revolutionary war
92%
Indochina Vietnam War
89%
War against British controlled Canada War of 1812
82%
China joined in because they were afraid they would be attacked next Korean War
80%
War which gave America California, Arizona, and more Mexican-American war
70%
War that originated in Cuba Spanish-American war
69%
Against the Taliban War in Afghanistan
66%
Iraq invaded Kuwait Gulf War
65%
Series of wars against pirates in the Mediterranean sea Barbary wars
33%
No matching quizzes found
Score Distribution
Percent of People with Each Score
Percentile by Number Answered
Your Score History
You have not taken this quiz